Most Populous New Jersey Municipalities in 2010 - Statistics

General Stats
  • This quiz has been taken 4 times
  • The average score is 11 of 20
Answer Stats
Population County Status Municipality % Correct
76,874 Camden City Camden
100%
124,974 Union City Elizabeth
100%
247,608 Hudson City Jersey City
100%
276,941 Essex City Newark
100%
84,962 Mercer City Trenton
100%
146,184 Passaic City Paterson
75%
84,175 Passaic City Clifton
50%
64,346 Essex City East Orange
50%
88,437 Mercer Township Hamilton
50%
92,799 Ocean Township Lakewood
50%
66,512 Monmouth Township Middletown
50%
69,751 Passaic City Passaic
50%
66,467 Hudson City Union City
50%
75,049 Ocean Township Brick
25%
70,813 Camden Township Cherry Hill
25%
100,314 Middlesex Township Edison
25%
64,666 Camden Township Gloucester
25%
65,415 Middlesex Township Old Bridge
25%
91,261 Ocean Township Toms River
25%
99,392 Middlesex Township Woodbridge
25%
No matching quizzes found
Score Distribution
Percent of People with Each Score
Percentile by Number Answered
Your Score History
You have not taken this quiz